zpět

Detail výsledku týmu

AktOFFka, Buštěhrad

Datum a čas kvízu

28 Celkem bodů Celkový počet nahraných bodů na tomto kvízu bez doplňovacích otázek.
4. Pořadí na kvízu Konečné umístění týmu na tomto kvízu.

Zaznamenané odpovědi

# Otázka Odpověď Body Výsledky
1. Která česká zoologická zahrada... Zoo Plzeň 0
2. Na internetu se minulý týden o... A 0
3. Napište jméno skotského herce... Iain Glen; Hra o trůny 0.5
4. Kterou americkou komunikační p... WhatsApp 1
5. Ze kterého města pochází tým,... ze Seattlu 1
6. Hned v úvodu bod rozdělíme: za... Ulánbátar; Altaj 0.5
7. Mongolština může být zapisován... cyrilice (azbuka) 0
8. Jak se jmenuje hudební skupina... The Hu 0
9. Které náboženství je v Mongols... buddhismus (lamaismus) 0
10. Jak se jmenuje česká spisovate... Petra Hůlová 0